000 00827nam a2200253 a 4500
001 adlib96000001
003 ViArRB
005 200902210153555.7
008 960221s1955 dcuabcdjdbkoqu001 0deng d
020 _a
022 _a
040 _aAdlib
082 _a331.1:677.024
245 _aWomen weavers of Sualkuchi, the silk town of Assam
250 _a
260 _aNoida
_bV.V. Giri National Labour Institute
_c2002
300 _aiii, 39p.
_c
500 _a Study conducted by Omeo Kumar Das Institute of social change and development, Guwahati
100 _a
_e
700 _a
_a
942 _cBK
653 _aWeaving industry- Assam
_aWomen weavers- Assam
_aSilk industry- women weavers
952 _w2010-06-16
_pG0008203
_r2010-06-16
_40
_00
_bUL
_10
_o331.1:677.024 WOM
_d2010-06-16
_70
_yBK
_aUL
999 _c46990
_d46989